00322nam a2200133Ia 4500008004100000020001500041041001200056100001400068245004900082260002500131300000800156650001000164700001400174221030s9999 xx 000 0 und d a8120343092 aEnglish aM. M. Das 0aStructural Analysiscby M. M. Das, B. M. Das bPHIaNew Delhic2011 a326 aCivil aB. M. Das